[Event "Usti nad Labem blitz op"]
[Site "Usti nad Labem"]
[Date "2023.05.07"]
[Round "3"]
[White "Cech, Jan1111"]
[Black "Chrz, Pavel"]
[Result "1/2-1/2"]
[WhiteElo "1177"]
[BlackElo "1861"]
[PlyCount "125"]
[EventDate "2023.05.07"]
[EventType "swiss (blitz)"]
[EventRounds "15"]
[EventCountry "CZE"]
[SourceTitle "CBM 214 Extra"]
[Source "ChessBase"]
[SourceDate "2023.07.31"]
[SourceVersion "1"]
[SourceVersionDate "2023.07.31"]
[SourceQuality "1"]

1. e4 c5 2. c4 Nc6 3. Nc3 g6 4. d3 Bg7 5. Bd2 d6 6. Nf3 Bg4 7. Be2 e6 8. Qc2 Nge7 9. h3 Bxf3 10. gxf3 Nd4 11. Qd1 Nec6 12. a3 Nxe2 13. Qxe2 Nd4 14. Qd1 Qb6 15. Rb1 a5 16. Na4 Qd8 17. Be3 b5 18. cxb5 Nxb5 19. Nc3 Nxc3 20. bxc3 Bxc3+ 21. Bd2 Bxd2+ 22. Qxd2 Rb8 23. 0-0 a4 24. Qc2 Rxb1 25. Qxa4+ Qd7 26. Qxd7+ Kxd7 27. Rxb1 Kc6 28. Kf1 Ra8 29. Rb3 d5 30. Ke2 g5 31. Ke3 h5 32. f4 g4 33. hxg4 hxg4 34. f5 exf5 35. exf5 Re8+ 36. Kf4 Re2 37. Kxg4 Rxf2 38. Kg5 c4 39. dxc4 dxc4 40. Rc3 Kc5 41. Kf6 Kd4 42. Rh3 c3 43. Rh8 c2 44. Rd8+ Kc3 45. Rc8+ Kb2 46. Rb8+ Kxa3 47. Ra8+ Kb2 48. Rb8+ Kc3 49. Rc8+ Kd2 50. Rd8+ Ke1 51. Rc8 Kd1 52. Rd8+ Rd2 53. Rc8 c1Q 54. Rxc1+ Kxc1 55. Kxf7 Rd7+ 56. Ke6 Ra7 57. f6 Kd2 58. f7 Ra6+ 59. Ke7 Ra7+ 60. Kf8 Ke3 61. Kg8 Ra8+ 62. f8Q Rxf8+ 63. Kxf8 1/2-1/2

[Event "Usti nad Labem blitz op"]
[Site "Usti nad Labem"]
[Date "2023.05.07"]
[Round "11"]
[White "Chrz, Pavel"]
[Black "Toman, Jan1111"]
[Result "1-0"]
[WhiteElo "1861"]
[BlackElo "1798"]
[PlyCount "91"]
[EventDate "2023.05.07"]
[EventType "swiss (blitz)"]
[EventRounds "15"]
[EventCountry "CZE"]
[SourceTitle "CBM 214 Extra"]
[Source "ChessBase"]
[SourceDate "2023.07.31"]
[SourceVersion "1"]
[SourceVersionDate "2023.07.31"]
[SourceQuality "1"]

1. Nc3 Nc6 2. d4 e6 3. e4 d5 4. e5 Nge7 5. Bg5 h6 6. Bc1 Nf5 7. Nf3 g5 8. Bb5 Bd7 9. g3 a6 10. Bxc6 Bxc6 11. h4 g4 12. Ng1 h5 13. Nge2 b6 14. Bg5 Qd7 15. Nf4 Be7 16. Bxe7 Qxe7 17. Qd3 Qb4 18. 0-0-0 Qe7 19. Ncxd5 Bxd5 20. Nxd5 exd5 21. Qxf5 Rd8 22. Rhe1 Qe6 23. Qf6 Rg8 24. Re3 Qxf6 25. exf6+ Kd7 26. Re7+ Kc8 27. Rde1 Rd7 28. Re8+ Rxe8 29. Rxe8+ Kb7 30. Rh8 Kc6 31. Rxh5 Rd6 32. Rf5 Re6 33. Kd2 Kd6 34. h5 c5 35. Re5 Rxe5 36. dxe5+ Kxe5 37. Ke3 Kxf6 38. Kf4 d4 39. Kxg4 c4 40. Kf3 Kg5 41. g4 f5 42. gxf5 Kxf5 43. h6 Kg6 44. Ke4 Kxh6 45. Kxd4 b5 46. Kc5 1-0

[Event "CZE-chT2B 1819"]
[Site "Czech Republic"]
[Date "2019.01.27"]
[Round "7.4"]
[White "Chrz, Pavel"]
[Black "Fric, Pavel"]
[Result "1-0"]
[WhiteElo "1997"]
[BlackElo "2030"]
[PlyCount "89"]
[EventDate "2018.10.14"]
[EventType "team-tourn"]
[EventRounds "11"]
[EventCountry "CZE"]
[SourceTitle "EXT 2022"]
[Source "ChessBase"]
[SourceDate "2021.10.06"]
[SourceVersion "1"]
[SourceVersionDate "2021.10.06"]
[SourceQuality "1"]
[WhiteTeam "Teplice"]
[BlackTeam "Karlovy Vary Tietz II"]
[WhiteTeamCountry "CZE"]
[BlackTeamCountry "CZE"]

1. e4 c5 2. Nf3 d6 3. c3 Nf6 4. Be2 g6 5. 0-0 Bg7 6. Bb5+ Nbd7 7. Re1 0-0 8. d4 cxd4 9. cxd4 Nb6 10. Nc3 a6 11. Bd3 Bg4 12. h3 Be6 13. b3 Rc8 14. Bb2 Nh5 15. Ne2 d5 16. e5 Qd7 17. Kh2 Bh6 18. Bc1 Bxc1 19. Rxc1 f6 20. Qd2 fxe5 21. Nxe5 Qd6 22. g4 Nf6 23. Ng3 Rxc1 24. Rxc1 Nfd7 25. f4 Bf7 26. Re1 Qf6 27. g5 Qd6 28. f5 Nxe5 29. dxe5 Qc7 30. Qe3 d4 31. Qc1 Qd8 32. f6 e6 33. Qf4 Kh8 34. Qh4 Rg8 35. Re4 h5 36. gxh6 Kh7 37. Rxd4 Nd5 38. Bc4 Qa5 39. Ne4 Qxa2+ 40. Rd2 Qa5 41. Ng5+ Kh8 42. Nxf7+ Kh7 43. Ng5+ Kh8 44. Re2 Nc3 45. h7 1-0

[Event "Pardubice op rapid 29th"]
[Site "Pardubice"]
[Date "2018.07.19"]
[Round "5"]
[White "Chekletsov, Ilya"]
[Black "Chrz, Pavel"]
[Result "1-0"]
[WhiteElo "2395"]
[BlackElo "2032"]
[PlyCount "103"]
[EventDate "2018.07.18"]
[EventType "swiss (rapid)"]
[EventRounds "9"]
[EventCountry "CZE"]
[SourceTitle "CBM 185 Extra"]
[Source "ChessBase"]
[SourceDate "2018.07.29"]
[SourceVersion "1"]
[SourceVersionDate "2018.07.29"]
[SourceQuality "1"]

1. d4 d6 2. c4 e5 3. Nc3 Nc6 4. Nf3 exd4 5. Nxd4 Bd7 6. e3 Nf6 7. g3 Ne5 8. f4 c5 9. Nc2 Bg4 10. Be2 Bxe2 11. Qxe2 Nc6 12. 0-0 Qe7 13. Nd5 Nxd5 14. cxd5 Nd4 15. Nxd4 cxd4 16. Qc4 g6 17. Qxd4 f6 18. b3 Rg8 19. e4 Bg7 20. Bb2 Kf7 21. e5 f5 22. e6+ Kf8 23. Qd2 Bxb2 24. Qxb2 Qg7 25. Qxg7+ Kxg7 26. Rac1 Rac8 27. Kf2 Kf6 28. Ke3 h6 29. Kd2 g5 30. Rxc8 Rxc8 31. Rc1 Rg8 32. Rc7 gxf4 33. gxf4 Rg2+ 34. Ke3 Rxh2 35. Rxb7 Rxa2 36. Rh7 Ra1 37. Rxh6+ Kg7 38. Rh5 Kg6 39. Rg5+ Kf6 40. Kd3 Rd1+ 41. Kc4 Rf1 42. Rh5 Rxf4+ 43. Kb5 Re4 44. Kc6 f4 45. Kxd6 f3 46. Rh7 Kg6 47. Rf7 Re3 48. b4 a6 49. Rf4 Kg5 50. Rf8 Kg4 51. e7 Kg3 52. e8Q 1-0

[Event "Pardubice op rapid 29th"]
[Site "Pardubice"]
[Date "2018.07.18"]
[Round "2"]
[White "Chrz, Pavel"]
[Black "Zilka, Stepan"]
[Result "0-1"]
[WhiteElo "2032"]
[BlackElo "2517"]
[PlyCount "54"]
[EventDate "2018.07.18"]
[EventType "swiss (rapid)"]
[EventRounds "9"]
[EventCountry "CZE"]
[SourceTitle "CBM 185 Extra"]
[Source "ChessBase"]
[SourceDate "2018.07.29"]
[SourceVersion "1"]
[SourceVersionDate "2018.07.29"]
[SourceQuality "1"]

1. Nf3 c5 2. g3 Nc6 3. Bg2 e5 4. d3 d5 5. c4 dxc4 6. Qa4 Bd7 7. Qxc4 Be6 8. Qa4 Qd7 9. Nc3 h6 10. Be3 Nf6 11. Rc1 Rc8 12. Nd2 Nd5 13. Nxd5 Bxd5 14. Bxd5 Qxd5 15. 0-0 Be7 16. Ne4 b6 17. Rc2 0-0 18. a3 Na5 19. b4 cxb4 20. Rxc8 Rxc8 21. axb4 Nc6 22. Rc1 Bxb4 23. Rxc6 Rxc6 24. Qxb4 a5 25. Qe7 f5 26. Nd2 Rc1+ 27. Nf1 Rxf1+ 0-1

[Event "Pardubice op rapid 28th"]
[Site "Pardubice"]
[Date "2017.07.20"]
[Round "7"]
[White "Chrz, Pavel"]
[Black "Kratochvil, Karel"]
[Result "0-1"]
[WhiteElo "2030"]
[BlackElo "2210"]
[PlyCount "146"]
[EventDate "2017.07.19"]
[EventType "swiss (rapid)"]
[EventRounds "9"]
[EventCountry "CZE"]
[SourceTitle "CBM 179 Extra"]
[Source "ChessBase"]
[SourceDate "2017.08.23"]
[SourceVersion "1"]
[SourceVersionDate "2017.08.23"]
[SourceQuality "1"]

1. e4 e5 2. Nf3 Nf6 3. Nxe5 d6 4. Nf3 Nxe4 5. Nc3 Nxc3 6. dxc3 Be6 7. Be3 Nc6 8. Qd2 Be7 9. 0-0-0 0-0 10. Kb1 Bf6 11. h4 Ne5 12. Ng5 Bf5 13. f3 h6 14. g4 hxg5 15. hxg5 Nxf3 16. Qg2 Bxg5 17. gxf5 Bxe3 18. Qxf3 Re8 19. Qh5 Bh6 20. Bc4 Qf6 21. Rdg1 Kf8 22. Re1 c6 23. a3 d5 24. Bd3 Re5 25. Rxe5 Qxe5 26. Qg4 Re8 27. Qb4+ Qe7 28. Qd4 Qe3 29. Qb4+ Re7 30. f6 gxf6 31. Qd6 Kg7 32. Qh2 Re5 33. Rf1 b5 34. Qh4 Rg5 35. Qb4 c5 36. Qxb5 c4 37. Bf5 Qe2 38. Rh1 Rxf5 39. Qd7 Rf1+ 40. Rxf1 Qxf1+ 41. Ka2 Qf3 42. Qxa7 Qe4 43. Qg1+ Bg5 44. Qh2 f5 45. a4 f4 46. a5 f3 47. a6 Qe6 48. a7 Qa6+ 49. Kb1 Qxa7 50. Qe5+ Bf6 51. Qg3+ Kf8 52. Qxf3 Qg1+ 53. Ka2 Qg5 54. Qf2 Qe5 55. Qc5+ Kg7 56. Qg1+ Bg5 57. Ka3 Kg6 58. Kb4 f5 59. b3 cxb3 60. cxb3 f4 61. c4 dxc4 62. bxc4 f3 63. c5 Qb2+ 64. Kc4 Qe2+ 65. Kd5 f2 66. Qb1+ Kh5 67. Qh7+ Kg4 68. Qd7+ Kh4 69. Qh7+ Kg3 70. Qc7+ Kg2 71. Qg7 Qd2+ 72. Ke6 f1Q 73. Qb7+ Qf3 0-1

[Event "CZE-chT2B 1617"]
[Site "Czech Republic"]
[Date "2017.04.02"]
[Round "11.7"]
[White "Chrz, Pavel"]
[Black "Lacha, Josef"]
[Result "1-0"]
[WhiteElo "2021"]
[BlackElo "2002"]
[PlyCount "57"]
[EventDate "2016.10.09"]
[EventType "team-tourn"]
[EventRounds "11"]
[EventCountry "CZE"]
[SourceTitle "EXT 2022"]
[Source "ChessBase"]
[SourceDate "2021.10.06"]
[SourceVersion "1"]
[SourceVersionDate "2021.10.06"]
[SourceQuality "1"]
[WhiteTeam "Usti nad Labem"]
[BlackTeam "Litomerice"]
[WhiteTeamCountry "CZE"]
[BlackTeamCountry "CZE"]

1. e4 c5 2. Nf3 e6 3. d4 cxd4 4. c3 dxc3 5. Nxc3 Nc6 6. Bc4 Nge7 7. Bg5 f6 8. Be3 Ng6 9. 0-0 Be7 10. Nb5 0-0 11. Nd6 Qc7 12. Nf5 Kh8 13. Nxe7 Ngxe7 14. Bc5 Re8 15. Bd6 Qa5 16. e5 Nf5 17. Re1 Nxd6 18. Qxd6 Qb4 19. Qd3 a6 20. exf6 gxf6 21. Re4 Qe7 22. Rae1 Na5 23. Bd5 Rg8 24. Nh4 Qd6 25. Qc3 exd5 26. Re8 Nc6 27. Nf5 d4 28. Rxg8+ Kxg8 29. Re8+ 1-0

[Event "CZE-chT2B 1617"]
[Site "Czech Republic"]
[Date "2016.11.13"]
[Round "3.5"]
[White "Cakl, Zdenek"]
[Black "Chrz, Pavel"]
[Result "1-0"]
[WhiteElo "2083"]
[BlackElo "2021"]
[PlyCount "67"]
[EventDate "2016.10.09"]
[EventType "team-tourn"]
[EventRounds "11"]
[EventCountry "CZE"]
[SourceTitle "EXT 2022"]
[Source "ChessBase"]
[SourceDate "2021.10.06"]
[SourceVersion "1"]
[SourceVersionDate "2021.10.06"]
[SourceQuality "1"]
[WhiteTeam "Liberec Desko"]
[BlackTeam "Usti nad Labem"]
[WhiteTeamCountry "CZE"]
[BlackTeamCountry "CZE"]

1. Nf3 Nf6 2. b3 d5 3. Bb2 e6 4. e3 b6 5. Be2 Ba6 6. 0-0 Bxe2 7. Qxe2 Nbd7 8. c4 Bd6 9. Na3 a6 10. cxd5 exd5 11. Nd4 c5 12. Nf5 Bf8 13. e4 dxe4 14. Nc4 Qc7 15. f3 g6 16. fxe4 gxf5 17. e5 0-0-0 18. exf6 Rg8 19. Rxf5 Bd6 20. Nxd6+ Qxd6 21. Qxa6+ Kb8 22. Qe2 Rde8 23. Qf2 Re4 24. Re1 Reg4 25. g3 Rxg3+ 26. hxg3 Rxg3+ 27. Kf1 Qd3+ 28. Re2 Rg4 29. Qf3 Qb1+ 30. Re1 Rg1+ 31. Kxg1 Qxe1+ 32. Kg2 Qxd2+ 33. Qf2 Qd1 34. Rg5 1-0

[Event "CZE-chT2B 1415"]
[Site "Czech Republic"]
[Date "2015.04.19"]
[Round "11.4"]
[White "Slampa, Jan"]
[Black "Chrz, Pavel"]
[Result "1-0"]
[WhiteElo "2069"]
[BlackElo "2099"]
[PlyCount "83"]
[EventDate "2014.11.02"]
[EventType "team-tourn"]
[EventRounds "11"]
[EventCountry "CZE"]
[SourceTitle "EXT 2022"]
[Source "ChessBase"]
[SourceDate "2021.10.06"]
[SourceVersion "1"]
[SourceVersionDate "2021.10.06"]
[SourceQuality "1"]
[WhiteTeam "Teplice"]
[BlackTeam "Usti nad Labem"]
[WhiteTeamCountry "CZE"]
[BlackTeamCountry "CZE"]

1. d4 Nf6 2. c4 g6 3. Nc3 Bg7 4. e4 d6 5. f3 0-0 6. Bd3 e5 7. d5 c6 8. Be3 cxd5 9. cxd5 Nh5 10. Nge2 f5 11. Qd2 f4 12. Bf2 Nd7 13. Rc1 a6 14. b4 Rf7 15. a4 Bf8 16. a5 Be7 17. Na4 Bh4 18. Nec3 Qg5 19. 0-0 Bxf2+ 20. Qxf2 Qd8 21. Rc2 g5 22. Rfc1 Nhf6 23. Nb6 Nxb6 24. Qxb6 Qf8 25. Na4 g4 26. Qf2 gxf3 27. Nb6 Bd7 28. Nxa8 Qh6 29. gxf3 Bh3 30. Kh1 Nh5 31. Rg1+ Rg7 32. Rxg7+ Kxg7 33. Rc1 Ng3+ 34. hxg3 fxg3 35. Qxg3+ Bg4+ 36. Kg2 Qd2+ 37. Qf2 Bh3+ 38. Kg3 Qxc1 39. Kxh3 Qc8+ 40. Kg2 Qxa8 41. f4 exf4 42. Qxf4 1-0